| 000 | 00426cam a2200157ua 4500 | ||
|---|---|---|---|
| 003 | OSt | ||
| 008 | 240203b |||||||| |||| 00| 0 eng d | ||
| 020 | _a0 442 23282 9 | ||
| 041 | _aeng | ||
| 082 |
_a628.1 _bPAV/HA |
||
| 100 |
_aPavoni, Joseph L . _95797 |
||
| 245 | _aHand book of water quality management planning / | ||
| 260 |
_aNew York : _bVan Nostrand Reinhold Company , _c1977. |
||
| 300 | _a420 ; . | ||
| 942 | _cBK | ||
| 999 |
_c5418 _d5418 |
||